| 000 | 01300nam0a2200361 4500 | ||
|---|---|---|---|
| 001 | RU\NLR\bibl\452093 | ||
| 005 | 20250623181900.0 | ||
| 010 |
_a5-93406-131-3 _9100 |
||
| 021 |
_aRU _b2003-11415 |
||
| 035 | _a(NLR Aleph) 000445718 | ||
| 090 |
_a842136 _c842136 |
||
| 100 | _a20030425d2002 |||y0rusy50 ca | ||
| 101 | 0 | _arus | |
| 102 | _aRU | ||
| 105 | _ay ||||||||| | ||
| 200 | 1 |
_aБурятская поэзия ХХ века: истоки, поэтика жанров _fЕ. Е. Балданмаксарова _gМГУ им. М.В. Ломоносова. Филол. фак. |
|
| 210 |
_aМ. _cСпутник+ _d2002 |
||
| 215 |
_a364 с. _d20 |
||
| 320 | _aБиблиогр. в примеч.: с. 314-363 | ||
| 606 | 0 |
_aПоэзия бурятская _91202878 _3RU\NLR\auth\66168914 |
|
| 610 | 0 | _aБурятская поэзия | |
| 610 | 0 | _aБурятия, литературоведение | |
| 675 |
_a821.512.31.09 _v3 _zrus |
||
| 686 |
_a17 _2rugasnti |
||
| 686 |
_a83.3(2Рос-Буря) _2rubbk |
||
| 686 | _aШ5(2=Бу)-335 | ||
| 700 | 1 |
_aБалданмаксарова _bЕ. Е. _gЕлизавета Ешиевна _4070 |
|
| 801 | 0 |
_aRU _bRKP _c20030425 _gPSBO |
|
| 801 | 1 |
_aRU _bRKP _c20030425 |
|
| 801 | 2 |
_aRU _bNLR _c20031113 _grcr |
|
| 942 | _cBOOK | ||
| 980 | _aNB | ||